[Event "DVM U20 2017"]
[Site "Düsseldorf GER"]
[Date "2017.12.27"]
[Round "1"]
[White "Jurga, Jonas Vincent"]
[Black "Nguyen Dang, Huy Duc"]
[Result "1-0"]
[Termination "normal"]
[Board "4.5"]
[WhiteElo "1898"]
[BlackElo "1783"]
[WhiteTeam "OSG Baden-Baden"]
[BlackTeam "SK König Plauen"]
[PlyCount "81"]
[WhiteFideId "12968013"]
[BlackFideId "12922846"]
[EventCountry "GER"]
[EventRounds "7"]
[EventType "team-swiss"]
[EventDate "2017.12.26"]

1. e4 c5 2. Nf3 Nc6 3. d4 cxd4 4. Nxd4 Nf6 5. Nc3 d6 6. g3 e6 7. Bg2 a6 8. O-O
Be7 9. Bg5 Qc7 10. Nde2 b5 11. Qd2 O-O 12. Rad1 Rd8 13. f4 Qb6+ 14. Kh1 Ng4 15.
Bxe7 Nxe7 16. Qd4 Qxd4 17. Rxd4 Ne3 18. Rf3 Nxg2 19. Kxg2 Bb7 20. Rfd3 d5 21.
exd5 Nxd5 22. Nxd5 Bxd5+ 23. Kf2 Rac8 24. Nc3 Rc4 25. Ke3 Rxd4 26. Rxd4 Kf8 27.
a4 bxa4 28. Nxd5 exd5 29. Rxa4 Rd6 30. Kd4 Ke7 31. Ra5 Ke6 32. f5+ Kxf5 33.
Rxd5+ Ke6 34. Rxd6+ Kxd6 35. b4 f5 36. c4 g5 37. h4 h6 38. h5 Kc6 39. Ke5 f4
40. gxf4 g4 41. Ke4 1-0

[Event "DVM U20 2017"]
[Site "Düsseldorf GER"]
[Date "2017.12.27"]
[Round "1"]
[White "Helmrich, Daniel"]
[Black "Visvikis, Christos"]
[Result "0-1"]
[Termination "normal"]
[Board "4.6"]
[WhiteElo "1790"]
[BlackElo "1882"]
[WhiteTeam "SK König Plauen"]
[BlackTeam "OSG Baden-Baden"]
[PlyCount "54"]
[WhiteFideId "12956767"]
[BlackFideId "12967955"]
[EventCountry "GER"]
[EventRounds "7"]
[EventType "team-swiss"]
[EventDate "2017.12.26"]

1. d4 Nf6 2. Bf4 d5 3. e3 Bf5 4. Bd3 Bxd3 5. cxd3 c6 6. Nf3 g6 7. O-O Bg7 8.
Qb3 Qb6 9. Nbd2 Nbd7 10. h3 O-O 11. Ne5 Rfd8 12. Qa3 Bf8 13. Qc3 Rac8 14. b4
Nxe5 15. dxe5 d4 16. Qb3 Nd5 17. Nc4 Qxb4 18. Bg3 b5 19. Nb2 dxe3 20. fxe3 Qxb3
21. axb3 Nxe3 22. Rf3 Nf5 23. Rxa7 Bg7 24. Bf2 Bxe5 25. Nd1 Nd4 26. Re3 Bf6 27.
Re4 Nxb3 0-1

[Event "DVM U20 2017"]
[Site "Düsseldorf GER"]
[Date "2017.12.27"]
[Round "1"]
[White "Linnemann, Niklas"]
[Black "Pluska, Alexander"]
[Result "0-1"]
[Termination "normal"]
[Board "5.1"]
[WhiteElo "1998"]
[BlackElo "2196"]
[WhiteTeam "TuS Coswig"]
[BlackTeam "SK Doppelbauer Kiel"]
[PlyCount "48"]
[WhiteFideId "24695645"]
[BlackFideId "12975141"]
[EventCountry "GER"]
[EventRounds "7"]
[EventType "team-swiss"]
[EventDate "2017.12.26"]

1. e4 d6 2. d4 Nf6 3. Nc3 g6 4. f4 Bg7 5. Nf3 O-O 6. Bd3 Nc6 7. d5 Nb4 8. O-O
Nxd3 9. Qxd3 c6 10. dxc6 bxc6 11. Be3 Qa5 12. Qd2 Ng4 13. Bd4 e5 14. fxe5 dxe5
15. Be3 Rd8 16. Qc1 Ba6 17. Re1 Bf8 18. Nd2 Bc5 19. Nd1 Rxd2 20. b4 Qxb4 21. c3
Rxg2+ 22. Kxg2 Qxe4+ 23. Kg1 Nxe3 24. Nxe3 f5 0-1

[Event "DVM U20 2017"]
[Site "Düsseldorf GER"]
[Date "2017.12.27"]
[Round "1"]
[White "Beeck, Mats"]
[Black "von Koslowski, Utz"]
[Result "1-0"]
[Termination "time forfeit"]
[Board "5.2"]
[WhiteElo "2106"]
[BlackElo "1955"]
[WhiteTeam "SK Doppelbauer Kiel"]
[BlackTeam "TuS Coswig"]
[PlyCount "61"]
[WhiteFideId "12936944"]
[BlackFideId "12964247"]
[EventCountry "GER"]
[EventRounds "7"]
[EventType "team-swiss"]
[EventDate "2017.12.26"]

1. d4 Nf6 2. c4 e6 3. Nf3 d5 4. g3 b6 5. Bg2 Bb7 6. O-O Bd6 7. cxd5 exd5 8. Nc3
O-O 9. Nb5 Ne4 10. Nxd6 Nxd6 11. Bf4 Nc6 12. Rc1 Re8 13. Qc2 Ne4 14. Rfd1 f6
15. b3 Qd7 16. Qb2 Rac8 17. Nd2 Nxd2 18. Rxd2 Nd8 19. Rdc2 c6 20. Qa3 a6 21.
Qb4 b5 22. h4 Nf7 23. Kh2 Ra8 24. Bh3 Qe7 25. Qd2 a5 26. h5 a4 27. b4 a3 28.
Bf5 Nd6 29. Bxd6 Qxd6 30. Qd3 h6 31. Rc5 1-0

[Event "DVM U20 2017"]
[Site "Düsseldorf GER"]
[Date "2017.12.27"]
[Round "1"]
[White "Kunath, Tim"]
[Black "Wanner, Lukas"]
[Result "1/2-1/2"]
[Termination "normal"]
[Board "5.3"]
[WhiteElo "2006"]
[BlackElo "2024"]
[WhiteTeam "TuS Coswig"]
[BlackTeam "SK Doppelbauer Kiel"]
[PlyCount "93"]
[WhiteFideId "12985074"]
[BlackFideId "12918148"]
[EventCountry "GER"]
[EventRounds "7"]
[EventType "team-swiss"]
[EventDate "2017.12.26"]

1. e4 d6 2. d4 Nf6 3. Nc3 g6 4. Nf3 Bg7 5. Be2 O-O 6. O-O Bg4 7. Be3 Nc6 8. h3
Bxf3 9. Bxf3 e5 10. d5 Nd4 11. Bxd4 exd4 12. Qxd4 Nd7 13. Qd2 Qh4 14. Kh2 h5
15. g3 Qf6 16. Bg2 h4 17. Rae1 Rae8 18. Nd1 Re7 19. c3 Kh7 20. Ne3 Qg5 21. Nc4
hxg3+ 22. fxg3 Qxd2 23. Nxd2 Rfe8 24. g4 Nc5 25. g5 b6 26. Kg3 Nd3 27. Rb1 Be5+
28. Kf3 Bf4 29. Ke2 Bxd2 30. Kxd2 Nc5 31. Rbe1 Kg7 32. Rf4 Nd7 33. h4 Rh8 34.
Kd3 Ne5+ 35. Kd4 Ree8 36. c4 a5 37. a3 Ra8 38. Rh1 Rh7 39. Bf3 Rf8 40. Be2 Rfh8
41. Ke3 Kf8 42. Kf2 Ke7 43. Kg3 Rc8 44. Bg4 Rf8 45. Be2 Rc8 46. Bg4 Rf8 47. Be2
1/2-1/2

[Event "DVM U20 2017"]
[Site "Düsseldorf GER"]
[Date "2017.12.27"]
[Round "1"]
[White "Rieper, Julian"]
[Black "Kieslich, Aaron"]
[Result "0-1"]
[Termination "normal"]
[Board "5.4"]
[WhiteElo "2050"]
[BlackElo "2048"]
[WhiteTeam "SK Doppelbauer Kiel"]
[BlackTeam "TuS Coswig"]
[PlyCount "76"]
[WhiteFideId "12936960"]
[BlackFideId "1270391"]
[EventCountry "GER"]
[EventRounds "7"]
[EventType "team-swiss"]
[EventDate "2017.12.26"]

1. e4 c5 2. Nf3 d6 3. d4 cxd4 4. Nxd4 Nf6 5. Nc3 a6 6. Be3 e6 7. f3 b5 8. Qd2
Nbd7 9. g4 Nb6 10. a4 Nc4 11. Bxc4 bxc4 12. a5 Bb7 13. O-O Be7 14. Na4 d5 15.
e5 Nd7 16. f4 O-O 17. b4 cxb3 18. cxb3 Rc8 19. Rfc1 Rxc1+ 20. Rxc1 Qb8 21. b4
g5 22. Nc5 Nxc5 23. bxc5 gxf4 24. Bxf4 Rc8 25. c6 Ba8 26. Qd3 Qb4 27. Bd2 Qa4
28. Qc3 Bd8 29. h3 Bxa5 30. Qxa5 Qxd4+ 31. Kg2 Kg7 32. c7 Qe4+ 33. Kf2 d4 34.
Qxa6 Qf3+ 35. Ke1 d3 36. Bh6+ Kxh6 37. Qa2 Qe3+ 38. Kf1 Qxc1+ 0-1

[Event "DVM U20 2017"]
[Site "Düsseldorf GER"]
[Date "2017.12.27"]
[Round "1"]
[White "Moses, Selina"]
[Black "Arndt, Magnus"]
[Result "1-0"]
[Termination "normal"]
[Board "5.5"]
[WhiteElo "1935"]
[BlackElo "2062"]
[WhiteTeam "TuS Coswig"]
[BlackTeam "SK Doppelbauer Kiel"]
[PlyCount "109"]
[WhiteFideId "12908070"]
[BlackFideId "12998656"]
[EventCountry "GER"]
[EventRounds "7"]
[EventType "team-swiss"]
[EventDate "2017.12.26"]

1. e4 e5 2. Nf3 Nc6 3. Nc3 Nf6 4. d4 exd4 5. Nxd4 Bb4 6. Nxc6 bxc6 7. Bd3 O-O
8. O-O Re8 9. Qf3 Rb8 10. Bg5 Bd6 11. Bxf6 Qxf6 12. Qxf6 gxf6 13. Nd1 c5 14. f3
c6 15. Rb1 Be5 16. f4 Bd4+ 17. Kh1 c4 18. Bxc4 Rxe4 19. Bd3 Re7 20. c3 Bb6 21.
b3 d5 22. Nb2 Bd7 23. Na4 Re3 24. Nxb6 axb6 25. Rbd1 Rbe8 26. Kg1 c5 27. Kf2
Bc6 28. Rfe1 d4 29. cxd4 cxd4 30. Rxe3 dxe3+ 31. Ke2 h5 32. g3 Kg7 33. a4 Bd7
34. Be4 Be6 35. Bd5 Bg4+ 36. Bf3 Bc8 37. b4 Be6 38. Rd4 h4 39. Re4 hxg3 40.
hxg3 Rc8 41. Rxe3 Rc2+ 42. Kd3 Rb2 43. b5 Rb3+ 44. Kd2 Rb2+ 45. Kc1 Ra2 46. Bd1
Ra1+ 47. Kd2 Ra2+ 48. Kc3 Kf8 49. Bb3 Bxb3 50. Kxb3 Rg2 51. Kb4 Rb2+ 52. Rb3
Re2 53. a5 Re4+ 54. Ka3 bxa5 55. b6 1-0

[Event "DVM U20 2017"]
[Site "Düsseldorf GER"]
[Date "2017.12.27"]
[Round "1"]
[White "Petersen, Finn Christopher"]
[Black "Lehne, Arwin Hugo"]
[Result "1-0"]
[Termination "normal"]
[Board "5.6"]
[WhiteElo "1812"]
[BlackElo "1507"]
[WhiteTeam "SK Doppelbauer Kiel"]
[BlackTeam "TuS Coswig"]
[PlyCount "127"]
[WhiteFideId "12964840"]
[BlackFideId "12985090"]
[EventCountry "GER"]
[EventRounds "7"]
[EventType "team-swiss"]
[EventDate "2017.12.26"]

1. e4 c5 2. Nf3 Nc6 3. d4 cxd4 4. Nxd4 g6 5. Be2 Bg7 6. Nb3 d6 7. Nc3 Nf6 8.
Be3 O-O 9. Qd2 Bd7 10. h4 h5 11. O-O-O a6 12. f3 Rc8 13. Rdg1 Ne5 14. Bh6 Nc4
15. Bxc4 Rxc4 16. Bxg7 Kxg7 17. Nd5 Nxd5 18. Qxd5 Rb4 19. g4 Rb5 20. Qd1 Rh8
21. Nd4 Ra5 22. Nb3 Rb5 23. Qd4+ Kg8 24. a4 Rb6 25. gxh5 Rxh5 26. Rg5 Rxg5 27.
hxg5 e5 28. Qd2 Bxa4 29. Kb1 Bxb3 30. Qh2 Kf8 31. cxb3 Ke7 32. Qh7 Qf8 33. Qh2
Qc8 34. Qd2 Rxb3 35. Rd1 Rb6 36. f4 Qc4 37. Qe3 Qb3 38. Qd2 Qb4 39. Qc2 Rc6 40.
Qd3 Rb6 41. Qc2 Rc6 42. Qd3 exf4 43. e5 Kd7 44. Qh3+ Kc7 45. Qd3 Kd7 46. Qh3+
Ke7 47. Qd3 Qc5 48. Qd2 Qxe5 49. Re1 Ke6 50. Rxe5+ dxe5 51. Qd8 Kf5 52. Qe7 f6
53. Qxb7 Re6 54. gxf6 Rxf6 55. Kc2 g5 56. Kd3 g4 57. Qc8+ Re6 58. Kc4 Kf6 59.
Kd5 Re7 60. Qxg4 Kf7 61. Qf5+ Ke8 62. Qc8+ Kf7 63. Ke4 a5 64. Qa6 1-0

[Event "DVM U20 2017"]
[Site "Düsseldorf GER"]
[Date "2017.12.27"]
[Round "1"]
[White "Köllner, Ruben Gideon"]
[Black "Degenhard, Simon"]
[Result "0-1"]
[Termination "normal"]
[Board "6.1"]
[WhiteElo "2147"]
[BlackElo "2183"]
[WhiteTeam "SG Bochum"]
[BlackTeam "Heilbronner SV"]
[PlyCount "112"]
[WhiteFideId "12993093"]
[BlackFideId "12944017"]
[EventCountry "GER"]
[EventRounds "7"]
[EventType "team-swiss"]
[EventDate "2017.12.26"]

1. d4 Nf6 2. Bg5 Ne4 3. Bf4 c5 4. f3 Nf6 5. dxc5 Qa5+ 6. Nc3 Qxc5 7. e4 d6 8.
Qd2 Be6 9. O-O-O Nc6 10. a3 Rc8 11. g4 g6 12. Bb5 Qb6 13. Be3 Qa5 14. Bd4 Bg7
15. g5 Nh5 16. Bxg7 Nxg7 17. Be2 a6 18. f4 b5 19. Nd5 Qxd2+ 20. Rxd2 Na5 21.
Kb1 Nc4 22. Rd4 Bxd5 23. Rxd5 h6 24. h4 hxg5 25. fxg5 Nh5 26. Bxh5 Rxh5 27. Nf3
Nb6 28. Rd3 Rc5 29. Rhd1 Nc4 30. Rc3 Rc8 31. Ka2 Rd8 32. Rcd3 Ra8 33. Rd5 Ne3
34. R1d2 Nxd5 35. Rxd5 Rc8 36. Rd2 Rc4 37. Re2 e6 38. c3 Ke7 39. Kb3 Rh8 40.
Kc2 Rd8 41. Kd3 Rdc8 42. Nd4 R4c5 43. Rf2 Rh8 44. Nf3 a5 45. Re2 e5 46. Rh2 Ke6
47. Nd2 d5 48. Ke3 b4 49. exd5+ Rxd5 50. axb4 axb4 51. Ne4 bxc3 52. bxc3 Rd1
53. c4 Rd4 54. c5 Ra8 55. Nd2 Ra3+ 56. Ke2 Rxd2+ 0-1

[Event "DVM U20 2017"]
[Site "Düsseldorf GER"]
[Date "2017.12.27"]
[Round "1"]
[White "Mikeler, Marcel"]
[Black "Stricker, Florian"]
[Result "0-1"]
[Termination "normal"]
[Board "6.2"]
[WhiteElo "1863"]
[BlackElo "2080"]
[WhiteTeam "Heilbronner SV"]
[BlackTeam "SG Bochum"]
[PlyCount "90"]
[WhiteFideId "12927856"]
[BlackFideId "12976385"]
[EventCountry "GER"]
[EventRounds "7"]
[EventType "team-swiss"]
[EventDate "2017.12.26"]

1. d4 Nf6 2. Nf3 e6 3. c4 Bb4+ 4. Bd2 Bxd2+ 5. Qxd2 O-O 6. Nc3 d5 7. g3 b6 8.
Ne5 Bb7 9. cxd5 exd5 10. Bg2 Nbd7 11. O-O Re8 12. Nxd7 Qxd7 13. e3 a6 14. Rac1
Re7 15. Rc2 Qd6 16. Rd1 Rae8 17. a3 h5 18. Qc1 h4 19. Nb1 hxg3 20. hxg3 Ng4 21.
Nd2 Qh6 22. Nf1 c6 23. Bf3 Nf6 24. a4 Re6 25. Nh2 Qg6 26. Kg2 Ne4 27. Ng4 f6
28. b4 Qf5 29. Rh1 Ng5 30. Bd1 Kf7 31. b5 axb5 32. axb5 c5 33. Ra2 cxd4 34.
Qc7+ R6e7 35. Qf4 Qe4+ 36. f3 Qxf4 37. exf4 Ne6 38. Rd2 Ra8 39. f5 Nc5 40. Rxd4
Ra2+ 41. Nf2 Re3 42. f4 Ne4 43. Rf1 Nxg3 44. Rg1 Nxf5 45. Rb4 Rg3+ 0-1

[Event "DVM U20 2017"]
[Site "Düsseldorf GER"]
[Date "2017.12.27"]
[Round "1"]
[White "Rempe, Moritz"]
[Black "Lahouel, Kim-Luca"]
[Result "1/2-1/2"]
[Termination "normal"]
[Board "6.3"]
[WhiteElo "1990"]
[BlackElo "1718"]
[WhiteTeam "SG Bochum"]
[BlackTeam "Heilbronner SV"]
[PlyCount "106"]
[WhiteFideId "12906867"]
[BlackFideId "12979503"]
[EventCountry "GER"]
[EventRounds "7"]
[EventType "team-swiss"]
[EventDate "2017.12.26"]

1. e4 c6 2. d4 d5 3. Nc3 dxe4 4. Nxe4 Bf5 5. Ng3 Bg6 6. Nf3 Nd7 7. h4 h6 8. h5
Bh7 9. Bd3 Bxd3 10. Qxd3 Ngf6 11. Bd2 Qc7 12. O-O-O e6 13. Kb1 Bd6 14. Ne4 Nxe4
15. Qxe4 O-O-O 16. c4 Nf6 17. Qe2 Rhe8 18. Bc3 Nd7 19. b4 Kb8 20. Qb2 f6 21.
Rhe1 Bf8 22. g3 Nb6 23. Qb3 Rc8 24. a4 Qf7 25. g4 g6 26. a5 Na8 27. Rh1 Nc7 28.
Rd2 gxh5 29. gxh5 Bd6 30. Re2 e5 31. dxe5 fxe5 32. Bb2 Na6 33. Nxe5 Qf5+ 34.
Qc2 Qxc2+ 35. Kxc2 Nxb4+ 36. Kb3 Nd3 37. Nd7+ Kc7 38. Rd2 Nxf2 39. Rxf2 Kxd7
40. Rd1 Re3+ 41. Kc2 Kc7 42. Rf7+ Be7 43. Bd4 Re6 44. Bxa7 Rg8 45. Bc5 Re8 46.
Rg1 Kd8 47. Bb6+ Kc8 48. Rg6 Re2+ 49. Kd3 Bb4 50. Rf2 R2e6 51. Rff6 Re2 52. Rf2
R2e6 53. Rff6 Re2 1/2-1/2

[Event "DVM U20 2017"]
[Site "Düsseldorf GER"]
[Date "2017.12.27"]
[Round "1"]
[White "Bühler, Severin"]
[Black "Wübker, Paul-Luca"]
[Result "0-1"]
[Termination "normal"]
[Board "6.4"]
[WhiteElo "1846"]
[BlackElo "2053"]
[WhiteTeam "Heilbronner SV"]
[BlackTeam "SG Bochum"]
[PlyCount "56"]
[WhiteFideId "16203178"]
[BlackFideId "12939528"]
[EventCountry "GER"]
[EventRounds "7"]
[EventType "team-swiss"]
[EventDate "2017.12.26"]

1. e4 c5 2. Nf3 d6 3. d4 cxd4 4. Nxd4 Nf6 5. Nc3 g6 6. Be3 Bg7 7. f3 O-O 8. Qd2
Nc6 9. g4 Be6 10. Nxe6 fxe6 11. O-O-O a6 12. Be2 b5 13. g5 Nd7 14. Rdf1 Qa5 15.
Kb1 Nb6 16. h4 Rab8 17. Nd1 b4 18. Qd3 b3 19. a3 bxc2+ 20. Qxc2 Nd4 21. Qc3
Qxc3 22. Nxc3 Nxe2 23. Nxe2 Nc4 24. Bc1 Nxb2 25. Kc2 Rfc8+ 26. Kd2 Rb3 27. Bxb2
Rxb2+ 28. Ke1 Rcc2 0-1

[Event "DVM U20 2017"]
[Site "Düsseldorf GER"]
[Date "2017.12.27"]
[Round "1"]
[White "Finke, Dominik"]
[Black "Ignatov, Dmitriy"]
[Result "1-0"]
[Termination "normal"]
[Board "6.5"]
[WhiteElo "2049"]
[BlackElo "1759"]
[WhiteTeam "SG Bochum"]
[BlackTeam "Heilbronner SV"]
[PlyCount "129"]
[WhiteFideId "16202511"]
[BlackFideId "12927872"]
[EventCountry "GER"]
[EventRounds "7"]
[EventType "team-swiss"]
[EventDate "2017.12.26"]

1. e4 c6 2. d4 d5 3. Nd2 dxe4 4. Nxe4 Bf5 5. Ng3 Bg6 6. h4 h6 7. Nf3 Nd7 8. h5
Bh7 9. Bd3 Bxd3 10. Qxd3 Ngf6 11. Bd2 e6 12. O-O-O Qc7 13. Kb1 O-O-O 14. Ne4
Nxe4 15. Qxe4 Nf6 16. Qe2 Kb8 17. c4 Ka8 18. Bc3 Bd6 19. Ne5 Rhe8 20. Rh3 c5
21. Rhd3 Bxe5 22. dxe5 Rxd3 23. Qxd3 Nxh5 24. Qf3 g6 25. g4 Ng7 26. Qf6 Rg8 27.
Rd3 h5 28. f3 a6 29. Bd2 Ne8 30. Qd8+ Qxd8 31. Rxd8+ Ka7 32. Rd7 Rg7 33. Re7
Rg8 34. Rxf7 Rh8 35. gxh5 gxh5 36. Bf4 h4 37. Re7 h3 38. Bh2 Kb8 39. Kc2 Nc7
40. Kd3 Kc8 41. Rg7 b5 42. b3 bxc4+ 43. Kxc4 Rf8 44. f4 Nd5 45. Rh7 Nxf4 46.
Bxf4 Rxf4+ {(=)} 47. Kxc5 Rf2 48. Rxh3 Rxa2 49. Kd6 Rb2 50. Kxe6 Kd8 51. Rd3+
Kc7 52. Ke7 Re2 53. Rc3+ Kb6 54. e6 Rf2 55. Kd7 Rd2+ 56. Ke8 Re2 57. e7 Rf2 58.
Rc4 a5 59. Kd7 Rd2+ 60. Ke6 Re2+ 61. Kd6 Re3 62. Rc8 Rd3+ 63. Ke6 Re3+ 64. Kf6
Rf3+ 65. Kg5 1-0

[Event "DVM U20 2017"]
[Site "Düsseldorf GER"]
[Date "2017.12.27"]
[Round "1"]
[White "Schäfer, Daniel"]
[Black "Fistoul, Boris"]
[Result "0-1"]
[Termination "normal"]
[Board "6.6"]
[WhiteElo "1797"]
[BlackElo "1924"]
[WhiteTeam "Heilbronner SV"]
[BlackTeam "SG Bochum"]
[PlyCount "60"]
[WhiteFideId "16235088"]
[BlackFideId "12953962"]
[EventCountry "GER"]
[EventRounds "7"]
[EventType "team-swiss"]
[EventDate "2017.12.26"]

1. d4 e6 2. e4 b6 3. c4 Bb7 4. Bd3 c5 5. d5 d6 6. Qc2 Na6 7. a3 Nf6 8. b3 Qe7
9. Ne2 e5 10. Bg5 g6 11. Nbc3 Bg7 12. Nb5 Nc7 13. Nec3 O-O 14. Qe2 Nxb5 15.
Nxb5 a6 16. Nc3 Qd7 17. Qf3 Nxe4 18. Bxe4 f5 19. Qh3 Qc7 20. Bc2 e4 21. Bh6 e3
22. O-O-O Bxc3 23. Bxf8 e2 24. Bxd6 exd1=Q+ 25. Bxd1 Qg7 26. b4 Re8 27. Kc2 Ba1
28. Qb3 Qd4 29. Bg3 Bxd5 30. Kb1 Bxc4 0-1

[Event "DVM U20 2017"]
[Site "Düsseldorf GER"]
[Date "2017.12.27"]
[Round "1"]
[White "Syrov, Arkadi"]
[Black "Hartge, Gedeon"]
[Result "1-0"]
[Termination "normal"]
[Board "7.1"]
[WhiteElo "2279"]
[BlackElo "2140"]
[WhiteTeam "SK Frankenthal"]
[BlackTeam "USV Halle"]
[PlyCount "75"]
[WhiteFideId "12942448"]
[BlackFideId "12932116"]
[EventCountry "GER"]
[EventRounds "7"]
[EventType "team-swiss"]
[EventDate "2017.12.26"]

1. e4 c5 2. Nf3 e6 3. g3 Nc6 4. Bg2 d5 5. exd5 exd5 6. d4 Nf6 7. O-O Be7 8.
dxc5 Bxc5 9. Re1+ Ne4 10. Be3 Bxe3 11. Rxe3 O-O 12. Nbd2 Qb6 13. Nb3 Nf6 14.
Nfd4 a5 15. a4 Bd7 16. Nxc6 bxc6 17. Rc3 Rfc8 18. Rc5 Bf5 19. Qd2 Be4 20. Rxa5
Rxa5 21. Qxa5 Qxa5 22. Nxa5 Bxc2 23. Nb7 d4 24. a5 d3 25. Nd6 Rd8 26. Nc4 Bb3
27. Nd2 Bd5 28. a6 Bxg2 29. Kxg2 Nd5 30. a7 Ra8 31. Nc4 d2 32. Nxd2 Nc7 33. Rc1
Rxa7 34. Rxc6 Rb7 35. Nc4 Kf8 36. Nd6 Ra7 37. b4 Ne6 38. b5 1-0

[Event "DVM U20 2017"]
[Site "Düsseldorf GER"]
[Date "2017.12.27"]
[Round "1"]
[White "Gröbel, Aaron"]
[Black "Tresch, Lukas"]
[Result "1-0"]
[Termination "normal"]
[Board "7.2"]
[WhiteElo "2103"]
[BlackElo "2020"]
[WhiteTeam "USV Halle"]
[BlackTeam "SK Frankenthal"]
[PlyCount "53"]
[WhiteFideId "12914851"]
[BlackFideId "12938866"]
[EventCountry "GER"]
[EventRounds "7"]
[EventType "team-swiss"]
[EventDate "2017.12.26"]

1. e4 c5 2. Nf3 d6 3. d4 cxd4 4. Nxd4 Nf6 5. Nc3 Nc6 6. Nb3 g6 7. f3 Bg7 8. Be3
Be6 9. Qd2 h5 10. O-O-O Rc8 11. Kb1 O-O 12. Bh6 Ne5 13. Bxg7 Kxg7 14. f4 Nc4
15. Bxc4 Bxc4 16. h3 Qc7 17. g4 hxg4 18. hxg4 Rh8 19. g5 Nd7 20. f5 Rxh1 21.
Rxh1 Rh8 22. Rxh8 Kxh8 23. Nd4 Ne5 24. b3 Ba6 25. Nd5 Qd7 26. Qh2+ Kg8 27. f6
1-0

[Event "DVM U20 2017"]
[Site "Düsseldorf GER"]
[Date "2017.12.27"]
[Round "1"]
[White "Mäurer, Fabian"]
[Black "Schulte, Felix"]
[Result "1-0"]
[Termination "normal"]
[Board "7.3"]
[WhiteElo "1968"]
[BlackElo "1982"]
[WhiteTeam "SK Frankenthal"]
[BlackTeam "USV Halle"]
[PlyCount "89"]
[WhiteFideId "12965944"]
[BlackFideId "12914800"]
[EventCountry "GER"]
[EventRounds "7"]
[EventType "team-swiss"]
[EventDate "2017.12.26"]

1. Nf3 Nf6 2. c4 c6 3. g3 g6 4. b3 Bg7 5. Bb2 d6 6. d4 Na6 7. Bg2 Nc7 8. Nc3
O-O 9. O-O Bd7 10. e4 a6 11. h3 b5 12. e5 Nfe8 13. exd6 exd6 14. Qd2 Rb8 15.
Rab1 Bf5 16. Rbc1 Nf6 17. Rfe1 Qc8 18. g4 Bd7 19. Ne4 Nxe4 20. Rxe4 bxc4 21.
bxc4 Qb7 22. Ba3 Rfe8 23. Rxe8+ Nxe8 24. Qf4 Qc7 25. Re1 Be6 26. Nd2 Qa5 27.
Bc1 c5 28. d5 Be5 29. Rxe5 dxe5 30. Qxe5 Rb6 31. dxe6 Rxe6 32. Qb2 Re1+ 33. Nf1
Qa4 34. Qd2 Rd1 35. Qe3 Nd6 36. Bd5 Qc2 37. Bd2 Qxa2 38. Qxc5 Qa1 39. Qxd6
Rxf1+ 40. Kg2 Rg1+ 41. Kh2 Rf1 42. Qf4 Qg7 43. Bc3 Qf8 44. Qe5 Rxf2+ 45. Kg1
1-0

[Event "DVM U20 2017"]
[Site "Düsseldorf GER"]
[Date "2017.12.27"]
[Round "1"]
[White "Altstadt, Karl-Simon"]
[Black "Stein, Daniel"]
[Result "1/2-1/2"]
[Termination "normal"]
[Board "7.4"]
[WhiteElo "2004"]
[BlackElo "1960"]
[WhiteTeam "USV Halle"]
[BlackTeam "SK Frankenthal"]
[PlyCount "53"]
[WhiteFideId "24696676"]
[BlackFideId "12939307"]
[EventCountry "GER"]
[EventRounds "7"]
[EventType "team-swiss"]
[EventDate "2017.12.26"]

1. e4 e5 2. Nf3 Nf6 3. Nxe5 d6 4. Nf3 Nxe4 5. c4 Be7 6. d3 Ng5 7. h4 Nxf3+ 8.
Qxf3 Nc6 9. Be3 h5 10. Nc3 Bg4 11. Qe4 Qd7 12. Nd5 Bf5 13. Qf4 O-O-O 14. Bxa7
Bxh4 15. Rxh4 Nxa7 16. O-O-O Nc6 17. Be2 g6 18. Ne3 Ne7 19. Rdh1 Rhg8 20. Qd4
Qa4 21. Kb1 Be6 22. Qc3 Qa7 23. d4 d5 24. c5 Nf5 25. Nxf5 Bxf5+ 26. Bd3 Bxd3+
27. Qxd3 1/2-1/2

[Event "DVM U20 2017"]
[Site "Düsseldorf GER"]
[Date "2017.12.27"]
[Round "1"]
[White "Syrov, Katharina"]
[Black "Perekhozhuk, Maksym"]
[Result "0-1"]
[Termination "normal"]
[Board "7.5"]
[WhiteElo "1228"]
[BlackElo "1942"]
[WhiteTeam "SK Frankenthal"]
[BlackTeam "USV Halle"]
[PlyCount "64"]
[WhiteFideId "16255941"]
[BlackFideId "12914860"]
[EventCountry "GER"]
[EventRounds "7"]
[EventType "team-swiss"]
[EventDate "2017.12.26"]

1. e4 c5 2. Nf3 d6 3. d4 cxd4 4. Nxd4 Nf6 5. Nc3 g6 6. Bc4 Bg7 7. Be3 O-O 8.
Qd2 Nc6 9. f3 Bd7 10. g4 Rb8 11. a4 a6 12. h4 Ne5 13. Bb3 b5 14. axb5 axb5 15.
h5 Nc4 16. Bxc4 bxc4 17. Bh6 e6 18. Bxg7 Kxg7 19. hxg6 fxg6 20. Qh6+ Kg8 21.
Nde2 Qb6 22. g5 Nh5 23. Nd1 Rxf3 24. Ra3 Rxa3 25. bxa3 Qa5+ 26. c3 Qe5 27. Rh4
Rb1 28. Kd2 Ba4 29. Nf4 Rxd1+ 30. Ke2 Qxe4+ 31. Kf2 Rd2+ 32. Kf1 Qb1# {[%emt 0:
00:00]} 0-1

[Event "DVM U20 2017"]
[Site "Düsseldorf GER"]
[Date "2017.12.27"]
[Round "1"]
[White "Kretzschmar, Arnd"]
[Black "Cygal, Marcel"]
[Result "1-0"]
[Termination "normal"]
[Board "7.6"]
[WhiteElo "1986"]
[BlackElo "1500"]
[WhiteTeam "USV Halle"]
[BlackTeam "SK Frankenthal"]
[PlyCount "67"]
[WhiteFideId "12914835"]
[BlackFideId "16255950"]
[EventCountry "GER"]
[EventRounds "7"]
[EventType "team-swiss"]
[EventDate "2017.12.26"]

1. d4 {[%emt 0:00:00]} d5 2. c4 dxc4 3. Nc3 Nf6 4. Bg5 e6 5. e4 Be7 6. Bxf6
Bxf6 7. e5 Be7 8. Bxc4 O-O 9. Nge2 c5 10. d5 exd5 11. Nxd5 Be6 12. O-O Bxd5 13.
Bxd5 Nd7 14. e6 Nf6 15. exf7+ Kh8 16. Bc4 Ng4 17. Nf4 Qc7 18. Qxg4 Qe5 19. Rfe1
Qg5 20. Qxg5 Bxg5 21. Ne6 Rxf7 22. Nxg5 Rf4 23. Re4 Rxe4 24. Nxe4 Re8 25. f3 h6
26. Rd1 a6 27. Rd7 b5 28. Bf7 Rf8 29. Bg6 c4 30. Rf7 Rd8 31. Re7 a5 32. Re8+
Rxe8 33. Bxe8 g5 34. Bxb5 1-0

[Event "DVM U20 2017"]
[Site "Düsseldorf GER"]
[Date "2017.12.27"]
[Round "1"]
[White "Hecht, Carsten"]
[Black "Siegert, Gregor"]
[Result "1-0"]
[Termination "normal"]
[Board "8.1"]
[WhiteElo "2232"]
[BlackElo "1750"]
[WhiteTeam "LSV Turm Lippstadt"]
[BlackTeam "Schachforum Darmstadt"]
[PlyCount "55"]
[WhiteFideId "24693928"]
[BlackFideId "1271250"]
[EventCountry "GER"]
[EventRounds "7"]
[EventType "team-swiss"]
[EventDate "2017.12.26"]

1. e4 c5 2. Nf3 e6 3. d4 cxd4 4. Nxd4 a6 5. Bd3 Qc7 6. O-O Nf6 7. Qe2 d6 8. c4
Nbd7 9. Nc3 Ne5 10. Bd2 g6 11. Rac1 Bg7 12. b3 Nxd3 13. Qxd3 O-O 14. Nde2 Rd8
15. Bg5 Qa5 16. Qe3 Rd7 17. Na4 Ng4 18. Qd2 Qxd2 19. Bxd2 Rb8 20. Nb6 Rc7 21.
Rfd1 Rc6 22. Ba5 e5 23. c5 dxc5 24. Rd8+ Bf8 25. Nd7 Bxd7 26. Rxb8 Bc8 27. Rd1
Be7 28. Rd7 1-0